Guess The Pokemon By Picture - Statistics

General Stats
  • This quiz has been taken 1,019 times
  • The average score is 14 of 15
Answer Stats
Picture Answer % Correct
pikachu
100%
eevee
99%
mew
99%
charizard
98%
bulbasaur
97%
mewtwo
96%
squirtle
95%
pichu
93%
flareon
92%
vaporeon
90%
jolteon
88%
cubone
87%
espeon
84%
munchlax
73%
mimikyu
72%
No matching quizzes found
Score Distribution
Percent of People with Each Score
Percentile by Number Answered
Your Score History
You have not taken this quiz